Resquebrajándose una tradición electoral /
Furkejuvvon:
| Váldodahkki: | |
|---|---|
| Eará dahkkit: | , , |
| Materiálatiipa: | Texto |
| Fáttát: | |
| Fáddágilkorat: |
Lasit fáddágilkoriid
Eai fáddágilkorat, Lasit vuosttaš fáddágilkora!
|
MARC
| LEADER | 00000 a a2200000 04500 | ||
|---|---|---|---|
| 001 | 15312 | ||
| 003 | |||
| 040 | |||
| 100 | |a Gutiérrez Espeleta, Ana Lucía | ||
| 245 | |a Resquebrajándose una tradición electoral / |c Ana Lucía Gutiérrez Espeleta | ||
| 650 | |a ENCUESTAS | ||
| 650 | |a VOTACION | ||
| 650 | |a ACTITUDES | ||
| 650 | |a COMPORTAMIENTO POLITICO | ||
| 700 | |a Cruz Meléndez, Carlos | ||
| 700 | |a Fournier Facio, Marco Vinicio | ||
| 700 | |a Madrigal Pana, Johnny | ||
| 773 | |g número 98 (IV); páginas 57-69 | ||
| 999 | |c 23508 |d 23508 | ||
| 773 | 0 | |0 18728 |9 3039 |a Universidad de Costa Rica |d San José, Costa Rica Editorial UCR 1956- |o 17121 |t Revista de Ciencias Sociales/ |x 04825276 | |
| 773 | 0 | |0 18728 |9 3039 |a Universidad de Costa Rica |d San José, Costa Rica Editorial UCR 1956- |o 17121 |t Revista de Ciencias Sociales/ |x 04825276 | |
